000
00244nam a22000857a 4500
008
161122b xxu||||| |||| 00| 0 eng d
100
_9
1323
_a
CBSE
245
_a
Fashion studies : Learning Resources : xi
260
_a
New delhi
_b
National book trust
_c
2004
999
_c
4035
_d
4035